| Tag |
First Indicator |
Second Indicator |
Subfields |
| LEADER |
00000cam a2200000 a 4500 |
| 001 |
in00002592011 |
| 005 |
20151201153338.0 |
| 008 |
100225s2010 be ab b 011 0 eng |
| 015 |
|
|
|a GBB034309
|2 bnb
|
| 016 |
7 |
|
|a 015500584
|2 Uk
|
| 019 |
|
|
|a 310395273
|
| 020 |
|
|
|a 9782503528151 (hbk.)
|
| 020 |
|
|
|a 2503528155 (hbk.)
|
| 029 |
1 |
|
|a OHX
|b har095022020
|
| 029 |
1 |
|
|a CDX
|b 9599574
|
| 035 |
|
|
|a (OCoLC)ocn540182538
|
| 035 |
|
|
|a (OCoLC)540182538
|
| 040 |
|
|
|a UKM
|c UKM
|d BTCTA
|d ERASA
|d YDXCP
|d OHX
|d CDX
|d C#P
|d BWX
|d UtOrBLW
|
| 049 |
|
|
|a TXAM
|
| 050 |
|
4 |
|a DA175
|b .S87 2010
|
| 082 |
0 |
4 |
|a 942.03
|2 22
|
| 245 |
0 |
0 |
|a Survival and discord in medieval society :
|b essays in honour of Christopher Dyer /
|c edited by Richard Goddard, John Langdon, and Miriam Müller.
|
| 264 |
|
1 |
|a Turnhout :
|b Brepols,
|c [2010]
|
| 264 |
|
4 |
|c ©2010
|
| 300 |
|
|
|a 306 pages :
|b illustrations, map ;
|c 25 cm.
|
| 336 |
|
|
|a text
|b txt
|2 rdacontent
|
| 337 |
|
|
|a unmediated
|b n
|2 rdamedia
|
| 338 |
|
|
|a volume
|b nc
|2 rdacarrier
|
| 490 |
1 |
|
|a The medieval countryside ;
|v v. 4
|
| 504 |
|
|
|a Includes bibliographical references and index.
|
| 651 |
|
0 |
|a England
|x Civilization
|y 1066-1485.
|
| 651 |
|
0 |
|a England
|x Social conditions
|y 1066-1485.
|
| 700 |
1 |
|
|a Dyer, Christopher,
|d 1944-
|
| 700 |
1 |
|
|a Goddard, Richard,
|d 1967-
|
| 700 |
1 |
|
|a Langdon, John.
|
| 700 |
1 |
|
|a Müller, Miriam.
|
| 830 |
|
0 |
|a Medieval countryside ;
|v v. 4.
|
| 938 |
|
|
|a Baker and Taylor
|b BTCP
|n BK0008199582
|
| 938 |
|
|
|a Erasmus Boekhandel
|b ERAA
|n NTS0000021119
|
| 938 |
|
|
|a YBP Library Services
|b YANK
|n 3003975
|
| 938 |
|
|
|a Otto Harrassowitz
|b HARR
|n har095022020
|
| 938 |
|
|
|a Coutts Information Services
|b COUT
|n 9599574
|
| 938 |
|
|
|a Blackwell Book Service
|b BBUS
|n R3854605
|c $102.00
|
| 945 |
|
|
|a PromptCat
|b 42055
|
| 946 |
|
|
|a stk
|
| 947 |
|
|
|a A14840210294
|
| 994 |
|
|
|a 92
|b TXA
|
| 948 |
|
|
|a Cataloged
|b h
|c 2010/8/6
|d c
|e ibarton
|
| 999 |
|
|
|a MARS
|
| 999 |
f |
f |
|s 3108208e-522a-3dfb-b415-f14613b5e217
|i 42ce9910-f7f6-3f32-a6d7-47b24601af80
|t 0
|
| 952 |
f |
f |
|p normal
|a Texas A&M University
|b College Station
|c Sterling C. Evans Library
|d Evans: Library Stacks
|t 0
|e DA175 .S87 2010
|h Library of Congress classification
|i unmediated -- volume
|m A14840210294
|
| 998 |
f |
f |
|a DA175 .S87 2010
|t 0
|l Evans: Library Stacks
|